000 00964cam a22003257a 4500
003 CHAP
005 20220817044150.0
008 070515d2005 mx r 00110 spa d
010 _a93634
011 _a94606
020 _a9680200582
035 _a105201
040 _cCHAP
082 0 4 _a863
_bU3 2005
110 2 _aUACH
245 1 0 _aCuentos fantásticos mexicanos
_c/por Francisco Tario [y otros]
250 _aed. rev.
260 _aChapingo, Méx. :
_bUACH,
_c2005.
300 _a143 p.
590 _aBATCH-UPD
_b10
_c20130110
_lUCH01
_h1923
590 _aCONVERSION
_b10
_c20130109
_lUCH01
_h1352
650 1 4 _aCuentos mexicanos.
_930097
650 1 4 _aLiteratura mexicana.
_967138
700 1 _aTairo, Francisco
_9111367
901 _aBK
905 _aElisama A. H.
942 _cLIBRO
949 _a863 U3 2005
_bBC
_cLIBRO
_d33724002029941
_eLIBRO
_h107453
_i105201
_si
949 _a863 U3 2005
_bBC
_cUACH
_d33724002029900
_eUACH
_fc.2
_h107454
_i105201
_sb
999 _c93634
_d93634